ARRUPE JESUIT UNIVERSITY

CORONAVIRUS -STOP THE SPREAD - CLEAN,DISINFECT,COVER

Wankie birds : (Record no. 120732)

MARC details
000 -LEADER
fixed length control field 00841cam a2200253 i 4500
001 - CONTROL NUMBER
control field 2710805
003 - CONTROL NUMBER IDENTIFIER
control field ARRUPE
005 - DATE AND TIME OF LATEST TRANSACTION
control field 20140612131159.0
008 - FIXED-LENGTH DATA ELEMENTS--GENERAL INFORMATION
fixed length control field 760709s1974 rh af 000 0 eng
010 ## - LIBRARY OF CONGRESS CONTROL NUMBER
LC control number 76355387
020 ## - INTERNATIONAL STANDARD BOOK NUMBER
International Standard Book Number 0582641527
040 ## - CATALOGING SOURCE
Original cataloging agency DLC
Transcribing agency DLC
Modifying agency DLC
043 ## - GEOGRAPHIC AREA CODE
Geographic area code f-rh---
050 00 - LIBRARY OF CONGRESS CALL NUMBER
Classification number QL692.S667
Item number S75
082 00 - DEWEY DECIMAL CLASSIFICATION NUMBER
Classification number 598.2/689/1
300 ## - PHYSICAL DESCRIPTION
Other physical details ill. (some col.) ;
Dimensions 21 cm.
100 1# - MAIN ENTRY--PERSONAL NAME
Personal name Steyn, Peter,
Dates associated with a name 1936-
9 (RLIN) 10910
245 10 - TITLE STATEMENT
Title Wankie birds :
Remainder of title a guide to the common birds of Wankie National Park /
Statement of responsibility, etc Peter Steyn.
260 ## - PUBLICATION, DISTRIBUTION, ETC. (IMPRINT)
Place of publication, distribution, etc Salisbury :
Name of publisher, distributor, etc Longman Rhodesia,
Date of publication, distribution, etc 1974.
300 ## - PHYSICAL DESCRIPTION
Extent vi, 57 p., [12] leaves of plates :
650 #0 - SUBJECT ADDED ENTRY--TOPICAL TERM
Topical term or geographic name as entry element Birds
Geographic subdivision Zimbabwe
-- Hwange National Park
General subdivision Pictorial works.
9 (RLIN) 10911
651 #0 - SUBJECT ADDED ENTRY--GEOGRAPHIC NAME
Geographic name Hwange National Park (Zimbabwe)
9 (RLIN) 10912
906 ## - LOCAL DATA ELEMENT F, LDF (RLIN)
a 7
b cbc
c orignew
d u
e ncip
f 19
g y-gencatlg
942 ## - ADDED ENTRY ELEMENTS (KOHA)
Source of classification or shelving scheme Library of Congress Classification
Koha item type SPC
Holdings
Withdrawn status Lost status Source of classification or shelving scheme Damaged status Not for loan Collection code Home library Current library Shelving location Date acquired Total Checkouts Full call number Barcode Date last seen Price effective from Koha item type
    Library of Congress Classification     SPECIAL Collection ARRUPE LIBRARY ARRUPE LIBRARY Main Collection 12/06/2014   SPC QL692.S667 S75 46500000514 12/06/2014 12/06/2014 SPC

 

Arrupe Library. PO Box MP320 Mt Pleasant, Harare, Zimbabwe
263 242 745411|librarian@aju.ac.zw